000 00729nam a22001817a 4500
999 _c176389
_d176389
005 20201217145710.0
010 _aENG-128691
020 _a978-93-534-3755-8
_c300.00
035 _aEN-112223
037 _bDBAD/PUB
082 _a372.6044
100 _aMeganathan, Ramanujam
245 _aLanguage Across the Curriculum/
_cRamanujam Meganathan
260 _aUttar Pradesh
_bPearson India Education Services Pvt. Ltd.
_c2019
270 _bUttar Pradesh
_e201301
_a15th Floor, Tower-B, World Trade Tower, Plot No.- 1, Block-C, Sector-16, Noida
_mcompanysecretary.india@pearson.com
_k044-66540100
300 _axvii+284p.
_c23cm(pbk)
_bIncluding illustrations, Tables and Index.
942 _2ddc
_cEN
_h372.6044
_mMEG